| 000 | 00869naa a22002537u 4500 | ||
|---|---|---|---|
| 001 | 07656 | ||
| 003 | HDC | ||
| 007 | cr bn ---aaaaa | ||
| 008 | 080528s2009 flu | eng | ||
| 040 | _aHDC | ||
| 245 | 0 |
_aEnergy Efficiency and Management in Food Processing Facilities : _bFundamentals of Energy Auditing |
|
| 260 |
_aBoca Raton : _bCRC Press, _c2008 |
||
| 300 | _a12 pages | ||
| 336 |
_atext _2rdacontent |
||
| 337 |
_acomputer _2rdamedia |
||
| 338 |
_aonline resource _2rdacarrier |
||
| 500 | _aOriginal from book | ||
| 650 |
_aFood processing plants _xEnergy conservation _98201 |
||
| 650 |
_aFood processing _9913 |
||
| 856 | _zRequest full-text at [email protected] | ||
| 942 | _2lcc | ||
| 942 | _cCHAP | ||
| 942 | _kEBCH 000676 | ||
| 999 |
_c4979 _d4979 |
||